Papes des 100 dernières années - Statistiques

Statistiques générales
  • Ce quiz a été pris 65 fois
  • Le résultat moyen est 8 sur 9
Statistiques - réponses
Hint Réponse % Correct
1978-1978 Jean-Paul I
100%
1978-2005 Jean-Paul II
100%
2005-2013 Benoît XVI
98%
2013-2025 François
98%
2025-... Leon XIV
98%
1922-1939 Pie XI
96%
1939-1958 Pie XII
96%
1963-1978 Paul VI
85%
1958-1963 Jean XXIII
52%
Aucun quiz correspondant
Distribution des résultats
% des personnes avec chaque résultat
Percentile par nombre de réponses
Votre historique - résultats
Vous n’avez pas pris ce quiz